书目信息 |
| 题名: |
基于记录值的可靠性分布模型的统计推断研究
|
|
| 作者: | 周慧 , 任海平 著 | |
| 分册: | ||
| 出版信息: | 北京 冶金工业出版社 2019.12 |
|
| 页数: | 109页 | |
| 开本: | 24cm | |
| 丛书名: | ||
| 单 册: | ||
| 中图分类: | O212 | |
| 科图分类: | ||
| 主题词: | 统计推断--tong ji tui duan--研究 | |
| 电子资源: | ||
| ISBN: | 978-7-5024-8287-9 | |
| 000 | 00944nam0 2200241 450 | |
| 001 | 2042568110 | |
| 005 | 20201105114934.32 | |
| 010 | @a978-7-5024-8287-9@dCNY45.00 | |
| 100 | @a20200317d2019 em y0chiy50 ea | |
| 101 | 0 | @achi |
| 102 | @aCN@b110000 | |
| 105 | @aa a 000yy | |
| 200 | 1 | @a基于记录值的可靠性分布模型的统计推断研究@Aji yu ji lu zhi de ke kao xing fen bu mo xing de tong ji tui duan yan jiu@f周慧, 任海平著 |
| 210 | @a北京@c冶金工业出版社@d2019.12 | |
| 215 | @a109页@c图@d24cm | |
| 320 | @a有书目 (第98-109页) | |
| 330 | @a本书研究了基于记录值样本的可靠性分布模型参数的Bayes统计推断问题和基于记录值样本的产品寿命绩效指标的统计推断问题。研究成果可以为工程师在处理含有记录值数据信息的产品性能评估问题时提供决策参考。 | |
| 606 | 0 | @a统计推断@Atong ji tui duan@x研究 |
| 690 | @aO212@v5 | |
| 701 | 0 | @a周慧@Azhou hui@4著 |
| 701 | 0 | @a任海平@Aren hai ping@4著 |
| 801 | 0 | @aCN@b人天书店@c20200927 |
| 905 | @aZUCC@dO212@eZ763 | |
| 基于记录值的可靠性分布模型的统计推断研究/周慧, 任海平著.-北京:冶金工业出版社,2019.12 |
| 109页:图;24cm |
| ISBN 978-7-5024-8287-9:CNY45.00 |
| 本书研究了基于记录值样本的可靠性分布模型参数的Bayes统计推断问题和基于记录值样本的产品寿命绩效指标的统计推断问题。研究成果可以为工程师在处理含有记录值数据信息的产品性能评估问题时提供决策参考。 |
| ● |
| 相关链接 |
|
|
|
正题名:基于记录值的可靠性分布模型的统计推断研究
索取号:O212/Z763
 
预约/预借
| 序号 | 登录号 | 条形码 | 馆藏地/架位号 | 状态 | 备注 |
| 1 | 1478974 | 214789745 | 自科库401/401自科库 47排5列3层/ [索取号:O212/Z763] | 在馆 | |
| 2 | 1478975 | 214789754 | 自科库401/401自科库 47排5列3层/ [索取号:O212/Z763] | 在馆 |